| 000 | 00658cam a2200253 4500 | ||
|---|---|---|---|
| 001 | 28282 | ||
| 005 | 20220405165302.0 | ||
| 090 | _a28282 | ||
| 095 | _aPTBN00110483 | ||
| 100 | _a20070904d1987 a y0pory5003 ba | ||
| 101 | 0 | _apor | |
| 102 | _aPT | ||
| 930 | _lBECRE | ||
| 930 | _lBECRE/A | ||
| 675 |
_a087.5 _vmed _zpor |
||
| 700 | 1 |
_aSoares, _bLuísa Ducla, _f1939- _92431 |
|
| 702 | 1 |
_aAmaral, _bPaula _4440 |
|
| 998 | _aBN883-00203 | ||
| 200 | 1 |
_aO ratinho marinheiro _fLuísa Ducla Soares _gil. Paula Amaral |
|
| 210 |
_aLisboa _cLivros Horizonte, _dimp. 1987 |
||
| 215 |
_a[20] p. _cil. _d20 cm |
||
| 225 | 2 | _aRosa dos ventos | |
| 801 | 0 |
_aPT _bBN _gRPC |
|
| 990 | _cLIVROS | ||